| 000 | 00430nam a2200169 i 4500 | ||
|---|---|---|---|
| 001 | bg | ||
| 100 | 1 | _aJANUSZEWSKI, Stefan | |
| 245 | 0 |
_aDiody i tyrystory w pytaniach i odpowiedziach / _cStefan Januszewski, Henryk Światek. |
|
| 260 |
_aWarszawa, _c1984. |
||
| 650 | 9 | _aDiody | |
| 650 | 9 | _aTyrystory | |
| 700 | 1 | _aŚWIATEK, Henryk | |
| 040 | _cBPK | ||
| 041 | _apol | ||
| 942 | _cKS | ||
| 008 | s pl f |000 0 pol | ||
| 999 |
_c894 _d894 |
||
| 856 |
_uhttp://koha.tu.koszalin.pl/cgi-bin/koha/opac-detail.pl?biblionumber=894 _yKatalog online BPK |
||